| 000 | 00925nam a22003730a 4500 | ||
|---|---|---|---|
| 001 | PT31616 | ||
| 003 | AR-LpoUNG | ||
| 005 | 20210131225842.0 | ||
| 008 | 191001s1982||||ag |||||||||||||||||spa d | ||
| 040 |
_aAR-LpoUNG _bspa _cAR-LpoUNG _eaacr |
||
| 041 | _aspa | ||
| 044 | _aag | ||
| 082 | 0 | _a982.064 878cip | |
| 100 | 1 | _aGrossmann, Julio Enrique | |
| 245 | 1 | 4 | _aLos cipayos y la entrega |
| 250 | _a1§ edición | ||
| 260 |
_aBuenos Aires : _bNoticias Ilustradas, _c1982. |
||
| 300 |
_a138 p. : _bil. |
||
| 650 | 4 | _aANALISIS HISTORICO | |
| 650 | 4 | _aANALISIS SOCIOLOGICO | |
| 650 | 4 | _aARGENTINA | |
| 650 | 4 | _aBIOGRAFIAS | |
| 650 | 4 | _aCLASE OBRERA | |
| 650 | 4 | _aDICTADURA | |
| 650 | 4 | _aGOBIERNO MILITAR | |
| 650 | 4 | _aHISTORIA | |
| 650 | 4 | _aHISTORIA POLITICA | |
| 650 | 4 | _aHISTORIA SOCIAL | |
| 650 | 4 | _aSOCIOLOGIA | |
| 650 | 4 | _aTRABAJADORES | |
| 653 | _aPERONISMO | ||
| 905 | _a31616 | ||
| 942 | _cLIB | ||
| 999 |
_c152 _d152 |
||